[Event "SR 2. liga A 2005/2006"]
[Site "?"]
[Date "2006.03.11"]
[Round "55.2"]
[White "Chovanec, Vladimir"]
[Black "Drtina, Milan"]
[Result "1-0"]
[WhiteElo "2110"]
[BlackElo "2259"]
[PlyCount "53"]
[EventDate "2005.??.??"]

1. e4 e5 2. Nf3 Nc6 3. Bb5 a6 4. Ba4 Nf6 5. O-O Be7 6. Re1 b5 7. Bb3 d6 8. c3
Na5 9. Bc2 c5 10. a4 Rb8 11. axb5 axb5 12. d4 exd4 13. cxd4 Nc6 14. dxc5 dxc5
15. Qxd8+ Bxd8 16. Bf4 Nb4 17. Bxb8 Nxc2 18. Nc3 Nxa1 19. Rxa1 b4 20. Nb5 Bb6
21. Nd6+ Ke7 22. Nc4 Be6 23. Bd6+ Kd7 24. Nfe5+ Kc8 25. Ra8+ Kb7 26. Rxh8 Nxe4
27. Rb8+ 1-0

[Event "SR 2. liga A 2005/2006"]
[Site "?"]
[Date "2006.03.11"]
[Round "55.3"]
[White "Szitkey, Milan"]
[Black "Bednar, Jan"]
[Result "1/2-1/2"]
[WhiteElo "2146"]
[BlackElo "2220"]
[PlyCount "86"]
[EventDate "2005.??.??"]

1. e4 e5 2. Nf3 Nc6 3. Bb5 a6 4. Ba4 Nf6 5. O-O Be7 6. Re1 b5 7. Bb3 O-O 8. a4
Bb7 9. d3 d5 10. axb5 axb5 11. Rxa8 Bxa8 12. exd5 Nxd5 13. Nxe5 Nxe5 14. Rxe5
c6 15. Bxd5 cxd5 16. d4 Bd6 17. Rh5 Bc6 18. Be3 f5 19. f4 Qe8 20. Rh3 h6 21.
Nd2 Rf6 22. Nb3 Re6 23. Qd3 b4 24. Nc5 Re7 25. Kf2 g6 26. Qd2 Bb5 27. Nd3 Re4
28. Ne5 Bxe5 29. dxe5 d4 30. Bxd4 Re2+ 31. Qxe2 Bxe2 32. Kxe2 Qc6 33. Kd3 Qxg2
34. Re3 Kf7 35. e6+ Ke8 36. Kc4 Qxc2+ 37. Kxb4 Qxh2 38. Kc4 Qxf4 39. b4 g5 40.
Kd5 g4 41. Bc5 Qb8 42. Ra3 g3 43. Ra7 Kd8 1/2-1/2

[Event "SR 2. liga A 2005/2006"]
[Site "?"]
[Date "2006.03.11"]
[Round "55.4"]
[White "Lauf, Pavol"]
[Black "Felcir, Jaroslav"]
[Result "1-0"]
[WhiteElo "2116"]
[BlackElo "2197"]
[PlyCount "39"]
[EventDate "2005.??.??"]

1. c4 c6 2. Nc3 d5 3. e3 Nf6 4. Nf3 e6 5. Be2 a5 6. O-O Bd6 7. d4 Ne4 8. Nxe4
dxe4 9. Nd2 f5 10. f3 Qh4 11. f4 Nd7 12. b3 Qe7 13. Bb2 g5 14. c5 Bb8 15. d5
Rg8 16. d6 Qf8 17. Bh5+ Kd8 18. fxg5 Rxg5 19. Nxe4 Rg8 20. Qc1 1-0

[Event "SR 2. liga A 2005/2006"]
[Site "?"]
[Date "2006.03.11"]
[Round "55.5"]
[White "Miklas, Marian"]
[Black "Stefan, Oldrich"]
[Result "1-0"]
[WhiteElo "2191"]
[BlackElo "2080"]
[PlyCount "93"]
[EventDate "2005.??.??"]

1. c4 Nf6 2. g3 g6 3. Bg2 Bg7 4. Nc3 c6 5. e4 e5 6. Nf3 d6 7. d4 Qc7 8. h3 O-O
9. O-O Na6 10. Be3 b6 11. Qd2 Bb7 12. Rfe1 Rfe8 13. Rad1 Rad8 14. a3 Qb8 15. b4
Nc7 16. d5 c5 17. bxc5 bxc5 18. Rb1 Qc8 19. Bg5 Ba6 20. Bf1 Qa8 21. Nb5 Nxb5
22. cxb5 Bb7 23. Bc4 Rc8 24. Qd3 Nd7 25. a4 f6 26. Bd2 Rb8 27. Nh4 Bc8 28. g4
Qb7 29. f3 Qc7 30. Ng2 Bf8 31. a5 Qb7 32. Rb2 Be7 33. Reb1 Bd8 34. Qa3 Re7 35.
Bd3 Rf7 36. Ne3 Ra8 37. Nc4 Qb8 38. Qb3 Nf8 39. b6 axb6 40. axb6 Bb7 41. Na5
Nd7 42. Nc6 Bxc6 43. dxc6 Nxb6 44. Bc4 Raa7 45. Bxf7+ Rxf7 46. Ba5 c4 47. Qe3
1-0

[Event "SR 2. liga A 2005/2006"]
[Site "?"]
[Date "2006.03.11"]
[Round "55.6"]
[White "Bury, Rastislav"]
[Black "Lukac, Roman"]
[Result "0-1"]
[WhiteElo "2076"]
[BlackElo "2153"]
[PlyCount "80"]
[EventDate "2005.??.??"]

1. d4 Nf6 2. c4 c5 3. d5 e6 4. Nc3 exd5 5. cxd5 d6 6. e4 g6 7. f4 Bg7 8. Nf3
O-O 9. Be2 Re8 10. e5 dxe5 11. fxe5 Ng4 12. Bg5 Qb6 13. O-O Nxe5 14. Nxe5 Bxe5
15. Bc4 Bf5 16. g4 Qxb2 17. Ne2 Bxg4 18. d6 Bxe2 19. Qa4 Qd4+ 20. Rf2 Nc6 21.
Bxf7+ Kg7 22. Qb3 Rf8 23. Re1 c4 24. Qxb7 Qxf2+ 25. Kxf2 Rxf7+ 26. Qxf7+ Kxf7
27. Kxe2 Bxd6 28. Rf1+ Ke6 29. Rf6+ Kd5 30. Rf7 h5 31. Rf6 Re8+ 32. Kd1 Re6 33.
Rf2 Bc5 34. Rf7 Ne5 35. Rc7 Rc6 36. Rb7 Bb6 37. Bf4 Nd3 38. Bd2 c3 39. Rd7+ Kc4
40. Bg5 Nb4 0-1

[Event "SR 2. liga A 2005/2006"]
[Site "?"]
[Date "2006.03.11"]
[Round "55.7"]
[White "Nicolini, Alexander"]
[Black "Labar, Eduard"]
[Result "1-0"]
[WhiteElo "2153"]
[BlackElo "2061"]
[PlyCount "85"]
[EventDate "2005.??.??"]

1. e4 c6 2. d4 d5 3. exd5 cxd5 4. Bd3 Nf6 5. h3 e6 6. Nf3 Be7 7. O-O O-O 8. Re1
Nbd7 9. c3 Re8 10. Nbd2 Nf8 11. Ne5 N6d7 12. Ndf3 Bf6 13. Ng4 Bh4 14. Nxh4 Qxh4
15. Bf4 Ng6 16. Bg3 Qg5 17. Qc2 Ndf8 18. Ne5 Qd8 19. Qe2 Nxe5 20. Bxe5 f6 21.
Bh2 Bd7 22. Rad1 Qe7 23. b3 Qf7 24. c4 Bc6 25. Bd6 Ng6 26. Qh5 Rad8 27. c5 Nf8
28. Qg4 Ng6 29. f4 Bd7 30. Qh5 Nf8 31. Qe2 Ng6 32. Qc2 f5 33. b4 Nh4 34. Qf2
Qh5 35. b5 Ng6 36. Rc1 Qh4 37. Qxh4 Nxh4 38. c6 Bxc6 39. bxc6 Rxd6 40. cxb7 Rb6
41. Rc8 Kf7 42. Rxe8 Kxe8 43. Rb1 1-0

[Event "SR 2. liga A 2005/2006"]
[Site "?"]
[Date "2006.03.11"]
[Round "55.8"]
[White "Macka, Oto"]
[Black "Mosny, Jaroslav"]
[Result "1-0"]
[WhiteElo "1956"]
[BlackElo "2065"]
[PlyCount "77"]
[EventDate "2005.??.??"]

1. e4 c5 2. Nf3 d6 3. d4 cxd4 4. Nxd4 Nf6 5. Nc3 a6 6. Bg5 e6 7. Qd2 Be7 8.
O-O-O O-O 9. f3 Nc6 10. Nb3 b5 11. Bxf6 gxf6 12. Kb1 b4 13. Ne2 a5 14. Nbd4 Bb7
15. Nxc6 Bxc6 16. Ng3 Qb6 17. Nh5 Qc5 18. g4 Kh8 19. Bd3 Rg8 20. h4 Bb5 21.
Bxb5 Qxb5 22. Rdg1 a4 23. Qd3 Qc5 24. f4 Rac8 25. g5 b3 26. cxb3 axb3 27. a3
Qc2+ 28. Qxc2 bxc2+ 29. Kc1 d5 30. Nxf6 Bc5 31. Rg3 Rgd8 32. exd5 exd5 33. Rh2
Bd6 34. Rf3 Rc4 35. Rxc2 Bxf4+ 36. Kb1 Rd4 37. Nh5 Be5 38. Rxf7 Rxh4 39. Nf6
1-0

[Event "SR 2. liga A 2005/2006"]
[Site "?"]
[Date "2006.03.11"]
[Round "56.1"]
[White "Halas, Miroslav"]
[Black "Tepper, Frantisek"]
[Result "0-1"]
[WhiteElo "2004"]
[BlackElo "2182"]
[PlyCount "102"]
[EventDate "2005.??.??"]

1. Nf3 Nf6 2. c4 c5 3. Nc3 Nc6 4. e3 g6 5. d4 cxd4 6. exd4 d5 7. cxd5 Nxd5 8.
Bc4 Nxc3 9. bxc3 Bg7 10. O-O O-O 11. Re1 Qc7 12. Bd3 Re8 13. Bb2 Bg4 14. h3
Bxf3 15. Qxf3 Rac8 16. Rab1 Na5 17. h4 h5 18. Ba3 Qxc3 19. Bb4 Qc7 20. Bxg6
fxg6 21. Qd5+ Kh7 22. Bxa5 b6 23. Bb4 Rcd8 24. Qf7 Rf8 25. Qxe7 Rf7 26. Qg5 Bf6
27. Qxf6 Rxf6 28. Re7+ Rf7 29. Rxc7 Rxc7 30. Re1 Rxd4 31. a3 Rxh4 32. f3 Rhc4
33. Kh2 Kg7 34. Bd6 Rd7 35. Be5+ Kf7 36. f4 Re7 37. Rd1 g5 38. g3 gxf4 39. gxf4
Rc6 40. Kh3 Ke6 41. Kh4 Kf5 42. Rd8 Rf7 43. Rh8 Rc1 44. Rxh5+ Ke4 45. Kg3 Rd1
46. Kf2 Rd2+ 47. Kg3 Rd3+ 48. Kg4 Rxa3 49. Bd6 Rg7+ 50. Kh4 Ra1 51. Re5+ Kf3
0-1

[Event "SR 2. liga A 2005/2006"]
[Site "?"]
[Date "2006.03.11"]
[Round "56.2"]
[White "Fabry, Robert"]
[Black "Arendas, Marek"]
[Result "1/2-1/2"]
[WhiteElo "2205"]
[BlackElo "2111"]
[PlyCount "81"]
[EventDate "2005.??.??"]

1. e4 c5 2. d4 cxd4 3. c3 d5 4. exd5 Qxd5 5. cxd4 Nc6 6. Nf3 Bg4 7. Be2 e6 8.
O-O Nf6 9. Nc3 Qa5 10. Qb3 Qc7 11. Bf4 Qd7 12. d5 exd5 13. Rad1 Be7 14. Nxd5
Nxd5 15. Rxd5 Qc8 16. Nd4 Bxe2 17. Nxe2 O-O 18. Rc1 Qe6 19. Qf3 Rfd8 20. Rb5 b6
21. h3 Rac8 22. Rb3 Bf6 23. g4 g6 24. Kg2 Nd4 25. Nxd4 Rxd4 26. Rxc8+ Qxc8 27.
g5 Bd8 28. Re3 Qd7 29. Be5 Rd5 30. h4 h6 31. gxh6 Bxh4 32. Bc3 Kh7 33. Re5 Rxe5
34. Bxe5 Kxh6 35. Bc3 Qe6 36. Kh2 Be7 37. Kg2 f6 38. a4 g5 39. a5 bxa5 40. Bxa5
Bc5 41. Bc3 1/2-1/2

[Event "SR 2. liga A 2005/2006"]
[Site "?"]
[Date "2006.03.11"]
[Round "56.3"]
[White "Stetina, Erik"]
[Black "Janos, Jozef"]
[Result "1/2-1/2"]
[WhiteElo "1871"]
[BlackElo "2227"]
[PlyCount "130"]
[EventDate "2005.??.??"]

1. e4 g6 2. d4 Bg7 3. Nc3 d6 4. f4 Nf6 5. Nf3 c6 6. Bc4 b5 7. Bd3 O-O 8. O-O a6
9. h3 Nbd7 10. Be3 b4 11. Ne2 e6 12. Qd2 Rb8 13. c4 c5 14. Rad1 Qc7 15. e5 cxd4
16. exd6 Qxd6 17. Bxd4 Qc6 18. b3 a5 19. Qb2 Bb7 20. Ng3 Qc7 21. Ne5 Nxe5 22.
Bxe5 Qc5+ 23. Bd4 Qe7 24. Ne4 Bxe4 25. Bxe4 Rfd8 26. Bf3 Ne8 27. Bxg7 Nxg7 28.
Qe5 Qa7+ 29. Kh2 Nf5 30. Qf6 Qc7 31. Qe5 Qxe5 32. fxe5 Ne3 33. Rxd8+ Rxd8 34.
Re1 Rd3 35. Kg1 Rc3 36. Kf2 Nf5 37. Re2 Kf8 38. Rd2 h5 39. Be4 a4 40. Bxf5 gxf5
41. bxa4 Rxc4 42. Rb2 Rc5 43. Rxb4 Rxe5 44. Rb3 Ra5 45. Ra3 Ke7 46. Kf3 e5 47.
g3 Ke6 48. h4 Kd5 49. Ke3 Kc4 50. Kf2 Kd4 51. Kf3 f6 52. Ke2 Kc4 53. Ke3 Ra6
54. a5 Kb4 55. Rb3+ Kxa5 56. Rb8 Rc6 57. Rh8 Rc3+ 58. Kf2 e4 59. Rxh5 Rf3+ 60.
Kg2 Kb4 61. Rh8 Ra3 62. h5 Rxa2+ 63. Kf1 Ra1+ 64. Kf2 Ra2+ 65. Kf1 Ra1+ 1/2-1/2

[Event "SR 2. liga A 2005/2006"]
[Site "?"]
[Date "2006.03.11"]
[Round "56.4"]
[White "Hebelka, Milos"]
[Black "Bukovsky, Milan"]
[Result "1-0"]
[WhiteElo "2102"]
[BlackElo "2030"]
[PlyCount "117"]
[EventDate "2005.??.??"]

1. e4 e5 2. Nf3 Nc6 3. Bb5 Nf6 4. O-O Bc5 5. c3 O-O 6. d4 Bb6 7. Bg5 h6 8. Bh4
d6 9. Bxc6 bxc6 10. dxe5 dxe5 11. Qa4 Qd6 12. Nbd2 Bg4 13. Bg3 Bxf3 14. Nxf3
Nd7 15. Rad1 Qe6 16. Rd2 Nc5 17. Qc2 f6 18. b3 Qg4 19. Re1 Rad8 20. Kf1 Rxd2
21. Nxd2 Rd8 22. f3 Qd7 23. Nc4 Qd3+ 24. Qxd3 Rxd3 25. Rc1 Ne6 26. Ke2 Rd7 27.
b4 c5 28. b5 c6 29. Rb1 cxb5 30. Rxb5 Rb7 31. a4 Rb8 32. Ne3 Nc7 33. Rb1 Rd8
34. c4 Rd4 35. Be1 Ne6 36. g3 Rd7 37. a5 Nd4+ 38. Kf2 Bd8 39. Rb8 Kf7 40. Nd5
Ke6 41. a6 Nc6 42. Rb5 Kd6 43. Bd2 Nd4 44. Rb2 Nc6 45. Ke3 Nd4 46. f4 Nc6 47.
Kd3 Nd4 48. Rb8 Nc6 49. Rc8 Ne7 50. Ra8 Nc6 51. Be3 Na5 52. Rc8 Nc6 53. f5 Bb6
54. Re8 Nb4+ 55. Kc3 Kc6 56. Re6+ Rd6 57. Rxd6+ Kxd6 58. Nxb6 Nxa6 59. Nc8+ 1-0

[Event "SR 2. liga A 2005/2006"]
[Site "?"]
[Date "2006.03.11"]
[Round "56.5"]
[White "Bahna, Jan"]
[Black "Milanov, Jasen"]
[Result "0-1"]
[WhiteElo "1989"]
[BlackElo "1988"]
[PlyCount "46"]
[EventDate "2005.??.??"]

1. e4 e6 2. d4 d5 3. Nd2 dxe4 4. Nxe4 Nd7 5. Nf3 Ngf6 6. Nxf6+ Nxf6 7. Bd3 c5
8. c3 cxd4 9. Nxd4 Be7 10. O-O O-O 11. Qc2 h6 12. Kh1 a6 13. f4 Qc7 14. Rf3 b5
15. a4 b4 16. cxb4 Qxc2 17. Nxc2 Bb7 18. Rf1 Rfd8 19. Be2 Rac8 20. Ne3 Bxb4 21.
h3 Ne4 22. Kh2 Nd2 23. Rd1 Nb3 0-1

[Event "SR 2. liga A 2005/2006"]
[Site "?"]
[Date "2006.03.11"]
[Round "56.6"]
[White "Janecek, Jan"]
[Black "Sturdik, Igor"]
[Result "1/2-1/2"]
[WhiteElo "1990"]
[BlackElo "2028"]
[PlyCount "106"]
[EventDate "2005.??.??"]

1. d4 Nf6 2. Nf3 c5 3. e3 e6 4. Be2 d5 5. Nbd2 Nc6 6. O-O cxd4 7. exd4 Bd6 8.
c3 O-O 9. Re1 Qc7 10. h3 a5 11. Bd3 b6 12. Qc2 Ba6 13. Bxa6 Rxa6 14. Nf1 b5 15.
Qd3 Rb6 16. a3 b4 17. axb4 axb4 18. Bd2 bxc3 19. bxc3 Rfb8 20. Reb1 Qb7 21.
Rxb6 Qxb6 22. Be1 Na5 23. Ne3 Qb5 24. Qxb5 Rxb5 25. Nd2 g6 26. c4 dxc4 27.
Ndxc4 Nxc4 28. Nxc4 Be7 29. Ne5 Rb7 30. Bd2 Kg7 31. Be3 Nd5 32. Ng4 h5 33. Nh2
Bf6 34. Nf3 Rb3 35. Bg5 Nc3 36. Bxf6+ Kxf6 37. Kf1 Rb2 38. Re1 Nd5 39. Ra1 Nc3
40. Re1 Nd5 41. Ra1 Nb4 42. Rd1 Kf5 43. Ne5 Kf6 44. Nd3 Nxd3 45. Rxd3 Ke7 46.
g4 hxg4 47. hxg4 Kd6 48. Kg2 Kd5 49. Kf3 Rb4 50. Ke3 g5 51. f3 f6 52. Ra3 Rb5
53. Kd3 Rb6 1/2-1/2

[Event "SR 2. liga A 2005/2006"]
[Site "?"]
[Date "2006.03.11"]
[Round "57.1"]
[White "Likavsky, Tomas"]
[Black "Skreno, Vladimir"]
[Result "1-0"]
[WhiteElo "2493"]
[BlackElo "2194"]
[PlyCount "75"]
[EventDate "2005.??.??"]

1. d4 Nf6 2. c4 g6 3. Nc3 Bg7 4. e4 d6 5. Nf3 O-O 6. Be2 e5 7. O-O Nc6 8. d5
Ne7 9. Ne1 Nd7 10. Be3 f5 11. f3 f4 12. Bf2 g5 13. a4 Rf6 14. a5 a6 15. b4 Rh6
16. Nd3 Qe8 17. Be1 Qh5 18. h3 Ng6 19. Nf2 Nh4 20. Ng4 Rg6 21. Na4 Bf8 22. Rc1
Rg7 23. c5 Qg6 24. c6 Nf6 25. cxb7 Bxb7 26. Nc3 Ne8 27. Qa4 h5 28. Nh2 Nf6 29.
b5 Bc8 30. Qd1 Nxg2 31. Kxg2 Bxh3+ 32. Kxh3 g4+ 33. fxg4 hxg4+ 34. Bxg4 Rh7+
35. Kg2 Kf7 36. Rg1 Nxe4 37. Nxe4 Qxe4+ 38. Qf3 1-0

[Event "SR 2. liga A 2005/2006"]
[Site "?"]
[Date "2006.03.11"]
[Round "57.2"]
[White "Kisonova, Katarina"]
[Black "Meszaros, Michal"]
[Result "0-1"]
[WhiteElo "2146"]
[BlackElo "2348"]
[PlyCount "92"]
[EventDate "2005.??.??"]

1. e4 c5 2. f4 g6 3. Nf3 Bg7 4. Nc3 Nc6 5. Bb5 Nd4 6. Nxd4 cxd4 7. Ne2 e6 8.
O-O Qb6 9. Bd3 Ne7 10. b3 d6 11. Kh1 O-O 12. Bb2 f5 13. c3 dxc3 14. dxc3 fxe4
15. Bxe4 Nf5 16. Qd2 Bd7 17. Ba3 Qa6 18. Bb4 Bc6 19. Bd3 Qb6 20. Bxf5 Rxf5 21.
Rae1 a5 22. Ba3 Rd5 23. Qc1 a4 24. c4 Rd3 25. b4 Rc8 26. Rd1 Qe3 27. Rxd3 Qxd3
28. Ng3 Bd5 29. c5 dxc5 30. bxc5 h5 31. Rd1 Qb5 32. Qc2 h4 33. Nf1 h3 34. Ne3
hxg2+ 35. Nxg2 Rf8 36. Kg1 Rf5 37. h3 g5 38. Ne3 Rxf4 39. Nxd5 exd5 40. Qg2 d4
41. Qd5+ Rf7 42. Re1 Qd3 43. Re7 Qg3+ 44. Kh1 Qxh3+ 45. Kg1 Qg3+ 46. Kh1 Qf3+
0-1

[Event "SR 2. liga A 2005/2006"]
[Site "?"]
[Date "2006.03.11"]
[Round "57.3"]
[White "Gasa, Andrej"]
[Black "Krajcovic, Branislav"]
[Result "1/2-1/2"]
[WhiteElo "2212"]
[BlackElo "2111"]
[PlyCount "32"]
[EventDate "2005.??.??"]

1. e4 e5 2. Nf3 Nc6 3. Bb5 Nf6 4. Nc3 d6 5. O-O Be7 6. d4 exd4 7. Nxd4 Bd7 8.
h3 O-O 9. Nxc6 Bxc6 10. Bd3 Re8 11. Re1 d5 12. e5 Ne4 13. Bxe4 dxe4 14. Qg4 Qd4
15. Qg3 Bb4 16. Bf4 Bxc3 1/2-1/2

[Event "SR 2. liga A 2005/2006"]
[Site "?"]
[Date "2006.03.11"]
[Round "57.4"]
[White "Gajarsky, Roman"]
[Black "Hecko, Dusan"]
[Result "0-1"]
[WhiteElo "2052"]
[BlackElo "2122"]
[PlyCount "80"]
[EventDate "2005.??.??"]

{B12: Caro-Kann: Advance Variation} 1. e4 c6 2. d4 d5 3. e5 Bf5 4. Bd3 Bxd3 5.
Qxd3 e6 6. f4 g6 (6... Qa5+ {kniz. Fritz} 7. c3 Qa6 8. Qd1 c5 9. Ne2 Nc6 10.
Nd2 cxd4 11. cxd4 Qd3) 7. Nf3 h5 8. b3 Nh6 9. Be3 Qb6 10. Nbd2 Qa6 11. Qxa6
Nxa6 12. O-O Nf5 13. Bf2 Be7 14. a3 Kd7 15. b4 Nc7 16. Rfc1 a5 $15 17. c3 axb4
18. axb4 Nb5 19. c4 dxc4 20. Nxc4 Rxa1 21. Rxa1 Bxb4 22. h3 Rd8 23. g4 Nh6 24.
Bh4 Be7 25. g5 (25. Bxe7 Kxe7 26. gxh5 gxh5 $17) 25... Nf5 $19 26. Bf2 Kc7 27.
d5 Rxd5 28. Ra8 c5 29. Rh8 Rd8 30. Rh7 Rf8 31. Nfd2 Nbd4 32. Ne4 b5 33. Ne3
Nxe3 34. Bxe3 Kc6 35. Kf1 Nf5 36. Bf2 c4 37. Ke2 b4 38. Kd2 Kd5 39. Nf6+ Bxf6
40. gxf6 Nd4 (40... Nd4 41. Kc1 c3 $19) 0-1

[Event "SR 2. liga A 2005/2006"]
[Site "?"]
[Date "2006.03.11"]
[Round "57.5"]
[White "Pagerka, Martin"]
[Black "Slamena, Michal"]
[Result "1/2-1/2"]
[WhiteElo "1849"]
[BlackElo "2063"]
[PlyCount "57"]
[EventDate "2005.??.??"]

1. e4 c5 2. Nf3 d6 3. d4 cxd4 4. Nxd4 Nf6 5. Nc3 g6 6. Bc4 Bg7 7. O-O O-O 8.
Bb3 Nc6 9. Re1 Ng4 10. Nxc6 bxc6 11. h3 Ne5 12. Bg5 Be6 13. Bxe6 fxe6 14. Qe2
c5 15. Qa6 Qd7 16. Ne2 Rab8 17. Rab1 Rb6 18. Qa3 Nc4 19. Qg3 Nxb2 20. Qh4 Rf7
21. Bh6 Qa4 22. Nf4 Bd4 23. Rf1 d5 24. Qg4 Qxc2 25. Nxg6 hxg6 26. Qxg6+ Bg7 27.
Bxg7 Rxg7 28. Qe8+ Kh7 29. Qh5+ 1/2-1/2

[Event "SR 2. liga A 2005/2006"]
[Site "?"]
[Date "2006.03.11"]
[Round "57.6"]
[White "Peska, Juraj"]
[Black "Pericka, Tomas"]
[Result "0-1"]
[WhiteElo "1945"]
[BlackElo "2020"]
[PlyCount "82"]
[EventDate "2005.??.??"]

1. c4 Nf6 2. Nc3 e6 3. g3 d5 4. cxd5 exd5 5. Bg2 c6 6. d4 Be6 7. Nf3 Bd6 8. O-O
h5 9. Bg5 Nbd7 10. e4 Be7 11. exd5 Nxd5 12. Bxe7 Qxe7 13. Re1 N7b6 14. Nh4
O-O-O 15. a4 g5 16. Nf3 h4 17. a5 Nxc3 18. bxc3 Nc4 19. a6 b6 20. Qe2 Qf6 21.
Ne5 hxg3 22. fxg3 Nxe5 23. dxe5 Qh6 24. Bxc6 Rd3 25. Qg2 Rhd8 26. Ba8 Bd5 27.
Bxd5 R8xd5 28. c4 Rd7 29. Qa8+ Kc7 30. Qxa7+ Kd8 31. Qa8+ Ke7 32. Qg2 Rd2 33.
Re2 Rd1+ 34. Rxd1 Rxd1+ 35. Kf2 Ra1 36. Qb7+ Kf8 37. Qc8+ Kg7 38. h3 Qg6 39.
Rb2 Qe4 40. Re2 Qd4+ 41. Re3 Ra3 0-1

[Event "SR 2. liga A 2005/2006"]
[Site "?"]
[Date "2006.03.11"]
[Round "57.7"]
[White "Diviak, Rastislav"]
[Black "Hertel, Ondrej"]
[Result "0-1"]
[WhiteElo "1937"]
[BlackElo "1960"]
[PlyCount "98"]
[EventDate "2005.??.??"]

1. e4 c6 2. d4 d5 3. Nc3 dxe4 4. Nxe4 Nd7 5. Nf3 Ngf6 6. Bd3 Nxe4 7. Bxe4 Nf6
8. Bd3 Bg4 9. c3 e6 10. Bf4 Be7 11. h3 Bh5 12. Qe2 O-O 13. g4 Bg6 14. Bxg6 hxg6
15. h4 c5 16. O-O-O Qa5 17. Kb1 cxd4 18. Nxd4 Qb6 19. Ka1 Rfd8 20. h5 gxh5 21.
g5 g6 22. gxf6 Bxf6 23. Be5 Bxe5 24. Qxe5 Rd5 25. Qe2 Rad8 26. Rdg1 Kf8 27. f4
Qd6 28. Qe3 a6 29. Rg5 Rxg5 30. fxg5 e5 31. Nb3 Kg8 32. Nc1 Qd5 33. Re1 Re8 34.
Nd3 e4 35. Nf2 Re5 36. Rd1 Qe6 37. Kb1 Qf5 38. Rg1 Qf3 39. Rg3 Qxe3 40. Rxe3
Rxg5 41. Nxe4 Rg2 42. Nc5 g5 43. Ne4 Kg7 44. Rg3 Rxg3 45. Nxg3 Kg6 46. Kc2 h4
47. Nf1 g4 48. Kd2 g3 49. Ne3 h3 0-1

[Event "SR 2. liga A 2005/2006"]
[Site "?"]
[Date "2006.03.11"]
[Round "57.8"]
[White "Kollarik, Gorazd"]
[Black "Skapik, Branislav"]
[Result "1/2-1/2"]
[WhiteElo "1981"]
[BlackElo "1797"]
[PlyCount "48"]
[EventDate "2005.??.??"]

1. d4 f5 2. c4 Nf6 3. Nc3 g6 4. g3 Bg7 5. Bg2 d6 6. Bg5 h6 7. Bxf6 Bxf6 8. e3
c6 9. Nge2 O-O 10. O-O Qe8 11. Qb3 Kh7 12. Rad1 Nd7 13. Rd2 Qf7 14. d5 Nc5 15.
Qc2 Bd7 16. b3 Na6 17. a3 c5 18. Qd3 Rab8 19. Rb1 Rfc8 20. Rdb2 Qg7 21. Rc2 Nc7
22. a4 Na6 23. Na2 Nc7 24. Nac3 Na6 1/2-1/2

[Event "SR 2. liga A 2005/2006"]
[Site "?"]
[Date "2006.03.11"]
[Round "58.1"]
[White "Ruckschloss, Karol"]
[Black "Rohacek, Miroslav"]
[Result "1-0"]
[WhiteElo "2292"]
[BlackElo "2247"]
[PlyCount "67"]
[EventDate "2005.??.??"]

1. c4 d6 2. d4 e5 3. e3 c6 4. Nc3 f5 5. f4 e4 6. d5 c5 7. b3 Nf6 8. Nh3 Na6 9.
Be2 Nc7 10. Bb2 Bd7 11. Nf2 a6 12. a4 b6 13. h3 h5 14. g3 b5 15. axb5 axb5 16.
cxb5 Rxa1 17. Bxa1 Qa8 18. Bc4 Qa5 19. O-O Be7 20. Qe2 O-O 21. Bb2 Qa8 22. g4
hxg4 23. hxg4 fxg4 24. Nfxe4 Nxe4 25. Nxe4 Qb7 26. Nxc5 Qc8 27. b6 Na8 28. Ne6
Nxb6 29. Nxf8 Qxf8 30. e4 Qe8 31. Kg2 Bd8 32. Qe3 Bf5 33. Re1 Bh4 34. exf5 1-0

[Event "SR 2. liga A 2005/2006"]
[Site "?"]
[Date "2006.03.11"]
[Round "58.2"]
[White "Machalova, Veronika"]
[Black "Horak, Ivan"]
[Result "1-0"]
[WhiteElo "2211"]
[BlackElo "2141"]
[PlyCount "123"]
[EventDate "2005.??.??"]

1. e4 e5 2. Nf3 Nc6 3. Bb5 a6 4. Ba4 Nf6 5. O-O Nxe4 6. Re1 Nc5 7. Bxc6 dxc6 8.
Nxe5 Be7 9. d4 Ne6 10. c3 O-O 11. Be3 Bg5 12. Na3 Bxe3 13. Rxe3 Qd5 14. Nf3 b5
15. Nc2 Bb7 16. Qe1 c5 17. dxc5 Qxc5 18. Re5 Qb6 19. Ncd4 Nxd4 20. Nxd4 g6 21.
Qe3 Rad8 22. Re1 Qf6 23. Re7 c5 24. Nb3 c4 25. Nd4 Bd5 26. Re5 Bb7 27. h3 Qd6
28. Qh6 Bc8 29. Re7 Qd5 30. R7e5 Qd6 31. Re7 b4 32. R1e3 bxc3 33. bxc3 Qf6 34.
R7e5 Bd7 35. Rh5 Qg7 36. Qxg7+ Kxg7 37. Rc5 Rde8 38. Ra5 Ra8 39. Re2 Rfd8 40.
Rae5 Bb5 41. Rc5 Rab8 42. a4 Be8 43. Rxc4 Rb1+ 44. Kh2 Rdb8 45. Re5 Ra1 46. a5
Kf6 47. Rcc5 Bd7 48. Re3 h5 49. h4 Rc8 50. Rd5 Bb5 51. Nxb5 axb5 52. Rxb5 Rc7
53. Rb6+ Kg7 54. a6 Ra7 55. Kg3 R7xa6 56. Rxa6 Rxa6 57. c4 Kf6 58. Kf4 Ra4 59.
Rc3 Ke6 60. Ke4 Kd6 61. Kd4 Kc6 62. Rf3 1-0

[Event "SR 2. liga A 2005/2006"]
[Site "?"]
[Date "2006.03.11"]
[Round "58.3"]
[White "Kovarik, Oto"]
[Black "Machalova, Maria"]
[Result "0-1"]
[WhiteElo "2108"]
[BlackElo "2140"]
[PlyCount "60"]
[EventDate "2005.??.??"]

1. e4 c5 2. Nf3 Nc6 3. d4 cxd4 4. Nxd4 g6 5. Nxc6 bxc6 6. Qd4 Nf6 7. e5 Nd5 8.
e6 Nf6 9. exf7+ Kxf7 10. h4 Bg7 11. Be2 d5 12. O-O Ne4 13. Qe3 Bf5 14. g4 Bd7
15. c4 Rf8 16. f3 Nd6 17. c5 Nb7 18. f4 e6 19. Qf2 Qa5 20. Be3 Bxb2 21. Nd2
Bxa1 22. Nb3 Qxa2 23. Nxa1 Na5 24. f5 exf5 25. gxf5 Bxf5 26. Qh2 Kg8 27. h5
Rae8 28. hxg6 Bxg6 29. Rxf8+ Rxf8 30. Bd4 Qb1+ 0-1

[Event "SR 2. liga A 2005/2006"]
[Site "?"]
[Date "2006.03.11"]
[Round "58.4"]
[White "Federic, Pavol"]
[Black "Kubis, Ivan"]
[Result "1-0"]
[WhiteElo "2183"]
[BlackElo "2069"]
[PlyCount "43"]
[EventDate "2005.??.??"]

1. e4 e5 2. Nf3 Nc6 3. d4 exd4 4. Nxd4 Nf6 5. Nxc6 bxc6 6. e5 Qe7 7. Qe2 Nd5 8.
c4 Ba6 9. b3 Qh4 10. a3 Bc5 11. g3 Bxf2+ 12. Qxf2 Qe4+ 13. Kd2 Qxh1 14. Bg2
Qxh2 15. cxd5 cxd5 16. Nc3 d4 17. Nd5 Bb7 18. Nxc7+ Kd8 19. Nxa8 Bxa8 20. Kd3
h6 21. Bg5+ Ke8 22. Rf1 1-0

[Event "SR 2. liga A 2005/2006"]
[Site "?"]
[Date "2006.03.11"]
[Round "58.5"]
[White "Pribila, Michal"]
[Black "Macko, Michal"]
[Result "1/2-1/2"]
[WhiteElo "1987"]
[BlackElo "2140"]
[PlyCount "64"]
[EventDate "2005.??.??"]

1. e4 c5 2. Nf3 Nc6 3. d4 cxd4 4. Nxd4 Nf6 5. Nc3 e5 6. Ndb5 d6 7. Bg5 a6 8.
Na3 Be6 9. Nc4 Rc8 10. Bxf6 Qxf6 11. Nb6 Rb8 12. Be2 Qd8 13. Ncd5 Be7 14. O-O
O-O 15. c3 g6 16. b4 f5 17. exf5 gxf5 18. a4 Bg5 19. b5 axb5 20. axb5 Ne7 21.
Nxe7+ Qxe7 22. Bc4 Qf7 23. Bxe6 Qxe6 24. Qd5 Qxd5 25. Nxd5 Kf7 26. f4 Ke6 27.
Nc7+ Kd7 28. Nd5 Bd8 29. fxe5 dxe5 30. Rfe1 Ke6 31. Nf4+ Kf6 32. Nd5+ Ke6
1/2-1/2

[Event "SR 2. liga A 2005/2006"]
[Site "?"]
[Date "2006.03.11"]
[Round "58.6"]
[White "Machalova, Erika"]
[Black "Samko, Karol"]
[Result "1/2-1/2"]
[WhiteElo "2062"]
[BlackElo "2039"]
[PlyCount "82"]
[EventDate "2005.??.??"]

1. d4 d5 2. Bg5 Nf6 3. Bxf6 exf6 4. g3 c6 5. e3 Bf5 6. Nd2 Bb4 7. Bg2 Bxd2+ 8.
Qxd2 Qe7 9. Nf3 Nd7 10. O-O Be4 11. Rfc1 O-O 12. b3 Rfe8 13. c4 a5 14. Qe2 Qd6
15. Qd1 f5 16. Bf1 Qh6 17. Nd2 Nf6 18. Nxe4 Rxe4 19. h3 Re7 20. Bg2 g5 21. cxd5
cxd5 22. Rc5 f4 23. exf4 gxf4 24. Qc1 Rae8 25. Qxf4 Qxf4 26. gxf4 b6 27. Rc6
Re1+ 28. Rxe1 Rxe1+ 29. Kh2 Re6 30. Rc8+ Kg7 31. Bf3 Rd6 32. Rc7 Ne8 33. Re7
Nf6 34. Kg3 h6 35. Rc7 Ne8 36. Rc8 Nf6 37. f5 Nd7 38. Kf4 Kf6 39. Bh5 Kg7 40.
Rc1 Kf6 41. Re1 Nb8 1/2-1/2

[Event "SR 2. liga A 2005/2006"]
[Site "?"]
[Date "2006.03.11"]
[Round "58.7"]
[White "Kasanicky, Robert"]
[Black "Varga, David"]
[Result "0-1"]
[WhiteElo "1980"]
[BlackElo "2072"]
[PlyCount "68"]
[EventDate "2005.??.??"]

1. e4 e6 2. d4 d5 3. e5 c5 4. c3 Qb6 5. Nf3 Nc6 6. a3 cxd4 7. cxd4 Nh6 8. b4
Nf5 9. Bb2 Bd7 10. Be2 Rc8 11. O-O Be7 12. Qd3 O-O 13. Nbd2 Rfd8 14. Nb3 Bxb4
15. axb4 Nxb4 16. Qb1 Nc2 17. Qa2 Nxa1 18. Rxa1 Bb5 19. Bxb5 Qxb5 20. Ba3 Rc3
21. Nc5 Rc8 22. h3 b6 23. Nb7 Rc2 24. Qb1 Qxb1+ 25. Rxb1 Ra2 26. Bb4 Rcc2 27.
Be1 Rab2 28. Rxb2 Rxb2 29. g4 Ne7 30. Nd6 a5 31. Kg2 a4 32. Bc3 Rc2 33. Ba1 a3
34. Ng5 Rc1 0-1